000 00245nam a2200097Ia 4500
008 240625s9999 xx 000 0 und d
041 _aeng
082 _a658.3 ARM
100 _aARMSTRONG MICHAEL
245 _aSTRATEGIC HUMAN RESOURCE MANAGEMENT A GU
999 _c32977
_d32977